书目信息 |
| 题名: |
郑板桥画兰画竹
|
|
| 作者: | 郑板桥 绘 | |
| 分册: | ||
| 出版信息: | 杭州 西冷印社 1992.01 |
|
| 页数: | 64幅 | |
| 开本: | 8开 | |
| 丛书名: | 名家技法画谱 | |
| 单 册: | ||
| 中图分类: | J221.9 | |
| 科图分类: | ||
| 主题词: | 绘画--中国 | |
| 电子资源: | ||
| ISBN: | 7-80517-083-5 | |
| 000 | 00637nam0 2200217 45 | |
| 001 | 0003061591 | |
| 005 | 20031229172423.2 | |
| 010 | @a7-80517-083-5@dCNY25.00 | |
| 100 | @a20000306d1992 km y0chiy0120 ea | |
| 101 | @achi | |
| 105 | @a z 000yy | |
| 200 | 1 | @a郑板桥画兰画竹@AZheng Ban Qiao Hua Lan Hua Zhu@f郑板桥绘@FZheng Ban Qiao Hui@AZheng Ban Qiao Hua Lan Hua Zhu |
| 210 | @a杭州@c西冷印社@d1992.01 | |
| 215 | @a64幅@d8开 | |
| 225 | @a名家技法画谱 | |
| 410 | @12001 @a名家技法画谱 | |
| 606 | 0 | @a绘画@y中国 |
| 690 | @aJ221.9@v1 | |
| 701 | 0 | @a郑板桥@4绘 |
| 801 | @aCN@bTSTC@c20000306 | |
| 905 | @f2@b285524-525@dJ221.9@e129:1 | |
| 郑板桥画兰画竹/郑板桥绘.-杭州:西冷印社,1992.01 |
| 64幅;8开.-(名家技法画谱) |
| ISBN 7-80517-083-5:CNY25.00 |
| ● |
| 相关链接 |
|
|
|
|
正题名:郑板桥画兰画竹
索取号:J221.9/129:1
 
预约/预借
| 序号 | 登录号 | 条形码 | 馆藏地/架位号 | 状态 | 备注 |
| 1 | 0285524 | 002855244 | 第一样本阅览室/ [索取号:J221.9/129:1] | 在馆 | |
| 2 | 0285525 | 002855253 | 第一借阅区/ [索取号:J221.9/129:1] | 在馆 |